00421nam a2200157Ia 450000500170000000800410001702000150005808200130007324500380008626000470012430000170017165000130018865000110020170000270021270000240023920240517011841.0240331s9999 xx 000 0 und d a0521238390 bRUBa335 0aRubel on Karl Marx :bfive essays aNew YorkbCambridge University pressc1981 aix, 309 p ., aEconomic aSocial ao' Malley, Josepheedt aAlgozin, Keitheedt